[Event "GER-chT U18 Girls"]
[Site "Karlsruhe"]
[Date "2015.05.09"]
[Round "4.4"]
[White "Nguyen, Mai Chi"]
[Black "O'Reilly, Johanna"]
[Result "1-0"]
[WhiteElo "800"]
[BlackElo "800"]
[PlyCount "69"]
[EventDate "2015.05.07"]
[EventType "team-swiss"]
[EventRounds "7"]
[EventCountry "GER"]
[SourceTitle "EXT 2017"]
[Source "ChessBase"]
[SourceDate "2016.10.25"]
[SourceVersion "1"]
[SourceVersionDate "2016.10.25"]
[SourceQuality "1"]
[WhiteTeam "Bad Hersfeld (W)"]
[BlackTeam "Hamburg CPG (W)"]
[WhiteTeamCountry "GER"]
[BlackTeamCountry "GER"]

1. e4 e5 2. Nf3 Nc6 3. Bb5 Nf6 4. Nc3 Bb4 5. d3 a6 6. Bxc6 dxc6 7. Bd2 Bg4 8. h3 Be6 9. Nxe5 0-0 10. a3 Bc5 11. Nf3 Ng4 12. hxg4 Bxg4 13. Rh4 Qc8 14. Na4 Bb6 15. Nxb6 cxb6 16. Qe2 Re8 17. Ng5 Bd7 18. Rxh7 Re5 19. Rh5 Qe8 20. Bc3 Rc5 21. Bb4 Rb5 22. Qe3 c5 23. Bc3 Rc8 24. d4 Qe7 25. 0-0-0 Bg4 26. Rh4 Bf5 27. dxc5 bxc5 28. e5 Qxg5 29. Qxg5 c4 30. Qxf5 Rbc5 31. Qh7+ Kf8 32. Qh8+ Ke7 33. Qxg7 a5 34. Qf6+ Kf8 35. Rh8# 1-0